| 000 | 00515nam a2200181Ia 4500 | ||
|---|---|---|---|
| 005 | 20250529123336.0 | ||
| 008 | 241212s9999 xx 000 0 und d | ||
| 020 |
_a9789813344273 _qpbk |
||
| 041 | _aeng | ||
| 082 | _a363.25 CHO | ||
| 100 | _aChoromanski, Kacper | ||
| 245 | 0 |
_aBloodstain Pattern Analysis In Crime Scenarios _c/Kacper Choromanski; |
|
| 250 | _a1st ed. | ||
| 260 |
_bSpringer, _c2020. _aSingapore: |
||
| 300 |
_a65p. : _c21cm. |
||
| 650 | _aOther social problems & services | ||
| 942 | _cENGLISH | ||
| 999 |
_c566094 _d566094 |
||